Система портфельного инвестирования с элементами управления рисками; Научная инициатива иностранных студентов и аспирантов российских вузов

Dettagli Bibliografici
Parent link:Научная инициатива иностранных студентов и аспирантов российских вузов.— 2011.— [С. 411-413]
Autore principale: Буренко А.
Altri autori: Сухова З. Н. (научный руководитель)
Riassunto:Заглавие с экрана.
Электронная версия печатной публикации
Lingua:russo
Pubblicazione: 2011
Soggetti:
Accesso online:http://www.lib.tpu.ru/fulltext/v/Conferences/2011/K04/114119.pdf
Natura: MixedMaterials Elettronico Capitolo di libro
KOHA link:https://koha.lib.tpu.ru/cgi-bin/koha/opac-detail.pl?biblionumber=214043

MARC

LEADER 00000naa2a2200000 4500
001 214043
005 20260115163122.0
035 |a (RuTPU)RU\TPU\book\233891 
035 |a RU\TPU\book\232861 
090 |a 214043 
100 |a 20120419d2011 k y0rusy50 ca 
101 0 |a rus 
102 |a RU 
135 |a drnn ---uucaa 
181 0 |a i  
182 0 |a b 
200 1 |a Система портфельного инвестирования с элементами управления рисками  |f А. Буренко  |g науч. рук. З. Н. Сухова 
203 |a Текст  |c электронный 
215 |a 1 файл (444 Кб) 
300 |a Заглавие с экрана. 
300 |a Электронная версия печатной публикации 
337 |a Adobe Reader 
463 1 |0 (RuTPU)RU\TPU\book\227679  |t Научная инициатива иностранных студентов и аспирантов российских вузов  |o сборник докладов IV Всероссийской научно-практической конференции, Томск, 19-21 мая 2011 г.  |f Ассоциация иностранных студентов в России (АИС) ; Национальный исследовательский Томский политехнический университет (ТПУ), Институт международного образования и языковой коммуникации (ИМОЯК)  |v [С. 411-413]  |d 2011 
610 1 |a инвестирование 
610 1 |a портфельное инвестирование 
610 1 |a риски финансовые 
610 1 |a управление 
610 1 |a электронный ресурс 
610 1 |a труды учёных ТПУ 
700 1 |a Буренко  |b А. 
702 1 |a Сухова  |b З. Н.  |4 727 
801 1 |a RU  |b 63413507  |c 20120301 
801 2 |a RU  |b 63413507  |c 20130131  |g RCR 
856 4 |u http://www.lib.tpu.ru/fulltext/v/Conferences/2011/K04/114119.pdf 
942 |c CF